MARC details
| 000 -LEADER |
| campo de control de longitud fija |
02098nam a2200397 i 4500 |
| 001 - NÚMERO DE CONTROL |
| campo de control |
194306 |
| 003 - IDENTIFICADOR DE NÚMERO DE CONTROL |
| campo de control |
SpMaBN |
| 005 - FECHA Y HORA DE LA ÚLTIMA TRANSACCIÓN |
| campo de control |
20250708195131.0 |
| 007 - CAMPO FIJO DE DESCRIPCIÓN FÍSICA--INFORMACIÓN GENERAL |
| campo de control de longitud fija |
ta |
| 008 - DATOS DE LONGITUD FIJA--INFORMACIÓN GENERAL |
| campo de control de longitud fija |
231124s2023 sp | |||| 000 0 spa |
| 017 ## - NÚMERO DE COPYRIGHT O DE DEPÓSITO LEGAL |
| Número de copyright o de depósito legal |
BI 852-2023 |
| Agencia que asigna |
Oficina Depósito Legal Vizcaya |
| 020 ## - NÚMERO INTERNACIONAL ESTÁNDAR DEL LIBRO |
| Número Internacional Estándar del Libro |
9788412583397 |
| 035 ## - NÚMERO DE CONTROL DEL SISTEMA |
| Número de control de sistema |
a7388685 |
| 040 ## - FUENTE DE CATALOGACIÓN |
| Centro catalogador/agencia de origen |
SpMaBN |
| Lengua de catalogación |
spa |
| Centro/agencia transcriptor |
SpMaBN |
| Normas de descripción |
rda |
| Centro/agencia modificador |
ES-MaACL |
| 100 1# - ENTRADA PRINCIPAL--NOMBRE DE PERSONA |
| Nombre de persona |
Vergara, Leire |
| 9 (RLIN) |
235963 |
| Término indicativo de función/relación |
Autor |
| 245 1# - MENCIÓN DEL TÍTULO |
| Título |
Cerca de las plazas de soberanía / |
| Mención de responsabilidad, etc. |
Leire Vergara. |
| 264 #1 - PRODUCCIÓN, PUBLICACIÓN, DISTRIBUCIÓN, FABRICACIÓN Y COPYRIGHT |
| Producción, publicación, distribución, fabricación y copyright |
Madrid : |
| Nombre del de productor, editor, distribuidor, fabricante |
Caniche Editorial, |
| Fecha de producción, publicación, distribución, fabricación o copyright |
2023. |
| 300 ## - DESCRIPCIÓN FÍSICA |
| Extensión |
256 páginas : |
| Otras características físicas |
ilustraciones (color) ; |
| Dimensiones |
21 cm |
| 336 ## - TIPO DE CONTENIDO |
| Término de tipo de contenido |
Texto |
| Fuente |
rdacontent |
| 337 ## - TIPO DE MEDIO |
| Nombre/término del tipo de medio |
sin mediación |
| Fuente |
rdamedia |
| 338 ## - TIPO DE SOPORTE |
| Nombre/término del tipo de soporte |
volumen |
| Fuente |
rdacarrier |
| 490 1# - MENCIÓN DE SERIE |
| Mención de serie |
Letra Caniche ; |
| Designación de volumen o secuencia |
12 |
| 520 ## - RESUMEN, ETC. |
| Sumario, etc. |
En un tiempo de fronteras expandidas, ¿qué papel desempeñan esos lugares que llamamos plazas de soberanía: Perejil, Alhucemas, Chafarinas y Vélez de la Gomera? Inaccesibles y deshabitados, estos pequeños enclaves que permanecen monitorizados militarmente, situados frente a la costa norte de Marruecos pero bajo dominio español, suponen una excepcionalidad territorial que permite a Europa intervenir en los flujos migratorios. Su indeterminada y ambigua condición jurídica remite a un modelo de extensión colonial que sigue operando, aún hoy, de manera efectiva. |
| 651 #7 - PUNTO DE ACCESO ADICIONAL DE MATERIA--NOMBRE GEOGRÁFICO |
| Fuente del encabezamiento o término |
embne |
| Nombre geográfico |
Perejil (Isla) |
| 9 (RLIN) |
235965 |
| 651 #7 - PUNTO DE ACCESO ADICIONAL DE MATERIA--NOMBRE GEOGRÁFICO |
| Fuente del encabezamiento o término |
embne |
| Nombre geográfico |
Alhucemas (Marruecos) |
| 9 (RLIN) |
235970 |
| 651 #7 - PUNTO DE ACCESO ADICIONAL DE MATERIA--NOMBRE GEOGRÁFICO |
| Fuente del encabezamiento o término |
embne |
| Nombre geográfico |
Peñón de Vélez de la Gomera (España) |
| 9 (RLIN) |
235966 |
| 651 #7 - PUNTO DE ACCESO ADICIONAL DE MATERIA--NOMBRE GEOGRÁFICO |
| Fuente del encabezamiento o término |
embne |
| Nombre geográfico |
Chafarinas |
| 9 (RLIN) |
235967 |
| 830 ## - PUNTO DE ACCESO ADICIONAL DE SERIE-TÍTULO UNIFORME |
| Título uniforme |
Letra Caniche ; |
| 9 (RLIN) |
235964 |
| Designación de volumen o secuencia |
12 |
| 852 ## - LOCALIZACIÓN |
| Ubicación |
ES-MaACL |
| Sublocalización o colección |
R.155101 |
| Ubicación en estantería |
Depósito J |
| Número de control de estantería |
N-9884 |
| Donativo/Legado |
Donación: Leire Vergara |
| itemnumber |
201902 |
| Anotaciones manuscritas |
Dedicatoria autógrafa de la autora |
| Encuadernación |
Encuadernación rústica con solapas |
| 903 ## - NOMBRE PERSONAL DE DONANTE |
| 9 |
235963 |
| a |
Vergara, Leire |
| e |
Donante |
| 942 ## - ELEMENTOS DE ENTRADA SECUNDARIOS (KOHA) |
| Suprimir en OPAC |
No |
| Tipo de ítem Koha |
Libro impreso |